02328cam a22005174i 4500003000900000005001700009008004100026020001500067020001800082035002000100040003300120082001900153245010600172264003800278300003700316336002100353337002500374338002300399490007300422504003400495505096600529526001001495526001001505526001001515526001001525526001001535526000901545526000901554526000901563526000901572526000901581526000901590526000901599526000901608526000901617526000901626526000801635526000801643526000801651526000801659526000801667526000801675650002501683650007501708650002701783PE-LiUPU20250731170418.017073 s2012 mau r 001 0 eng d a9004233504 a9789004233508 a(Sirsi) a237851 aPE-LiUPUbspacPE-LiUPUerda04a181.06bE522300aEncountering the medieval in modern Jewish thought /cedited by James A, Diamond and Aaron W. Hughes. 1aLeiden ;aBoston :bBrill,c2012. a335 páginas ;c25 centimetros. atext2rdacontent aunmediated2rdamedia avolume2rdacarrier0 aSupplements to the Journal of Jewish thought and philosophy ;vv. 17 aÍndices: páginas 325-335.0 a"Medieval" and the politics of nostalgia : ideology, scholarship, and the creation of a rational jew -- Hughes -- On the possibility of a hidden Christian will : methodological pitfalls in the study of medieval Jewish philosophy -- Lessing in Jerusalem : modern religion, medieval orientalism, and the idea of perfection -- R. Abraham Isaac Kook and Maimonides : a contemporary mystic's embrace of medieval rationalism -- On myth, history, and the study of Hasidism : Martin Buber and Gershom Scholem -- What S.Y. Agnon taught Gershom Scholem about Jewish history -- Constructed and denied: "the Talmud" from the Brisker Rav to the Mishneh Torah -- Escaping the scholastic paradigm : the dispute between Strauss and his contemporaries about how to approach Islamic and Jewish medieval philosophy -- Justifying philosophy and restoring revelation : assessing Strauss's medieval return -- Echo of the otherwise: ethics of trandscendence and the lure of theolatry. aSEG68 aSEG70 aSEG69 aSEG67 aSEG43 aP144 aP143 aP131 aP122 aP120 aP117 aP112 aP110 aP106 aP101 aP80 aP59 aP54 aP35 aP33 aP30 0aFilosofía judía. 0aJudaísmoxHistoriayMedieval y período moderno temprano, 425-1789. 0aFilosofía, Medieval.